Reconnais ces joueurs de Ligue 1 (Niveau extrême) - Statistiques

Statistiques générales
  • Ce quiz a été pris 30 fois
  • Le résultat moyen est 8 sur 16
Statistiques - réponses
Par images Réponse % Correct
Clément Grenier
96%
Mathieu Debuchy
88%
Dimitri Liénard
80%
Morgan Amalfitano
76%
Yannick Cahuzac
76%
Rony Lopes
64%
Julian Palmieri
56%
Romain Danzé
52%
Haris Belkebla
48%
gift orban
44%
Jérémy Pied
32%
Mehdi Zeffane
24%
alexis flips
16%
Boubacar Fofana
12%
samuel grandsir
12%
Abdoulaye Dabo
4%
Aucun quiz correspondant
Distribution des résultats
% des personnes avec chaque résultat
Percentile par nombre de réponses
Votre historique - résultats
Vous n’avez pas pris ce quiz